| Tag |
First Indicator |
Second Indicator |
Subfields |
| LEADER |
00000cam a2200000Ma 4500 |
| 001 |
in00003386821 |
| 006 |
m o d |
| 007 |
cr |n||||||||| |
| 008 |
130524s2014 nju o 000 0 eng d |
| 005 |
20250816210636.0 |
| 020 |
|
|
|a 1299988644 (ebk)
|
| 020 |
|
|
|a 9781299988644 (ebk)
|
| 035 |
|
|
|a (OCoLC)ocn860923532
|
| 035 |
|
|
|a (DLC)ebr10780717
|
| 035 |
|
|
|a (OCoLC)860923532
|
| 037 |
|
|
|a 530115
|b MIL
|
| 040 |
|
|
|a IDEBK
|b eng
|c IDEBK
|d EBLCP
|d MHW
|d CDX
|d OCLCO
|d TXA
|d UtOrBLW
|
| 049 |
|
|
|a TXAM
|
| 050 |
|
4 |
|a QA276.45.R3
|b D63 2014eb
|
| 082 |
0 |
4 |
|a 519.202855133
|
| 100 |
1 |
|
|a Dobrow, Robert P.
|
| 245 |
1 |
0 |
|a Probability :
|b with applications and R /
|c Robert P. Dobrow.
|
| 264 |
|
1 |
|a Hoboken, New Jersey :
|b Wiley,
|c 2014.
|
| 300 |
|
|
|a 1 online resource (518 pages)
|
| 336 |
|
|
|a text
|b txt
|2 rdacontent
|
| 337 |
|
|
|a computer
|b c
|2 rdamedia
|
| 338 |
|
|
|a online resource
|b cr
|2 rdacarrier
|
| 588 |
|
|
|a Description based on print version record.
|
| 520 |
|
|
|a An introduction to probability at the undergraduate level Chance and randomness are encountered on a daily basis. Authored by a highly qualified professor in the field, Probability: With Applications and R delves into the theories and applications essential to obtaining a thorough understanding of probability. With real-life examples and thoughtful exercises from fields as diverse as biology, computer science, cryptology, ecology, public health, and sports, the book is accessible for a variety of readers. The book's emphasis on simulation through the use of the popular R software language clarifies and illustrates key computational and theoretical results.
|
| 500 |
|
|
|a Electronic resource.
|
| 650 |
|
0 |
|a Probabilities
|x Data processing.
|
| 650 |
|
0 |
|a R (Computer program language)
|
| 655 |
|
7 |
|a Electronic books.
|2 local
|
| 710 |
2 |
|
|a ebrary, Inc.
|
| 776 |
0 |
8 |
|i Print version:
|z 9781299988644
|
| 856 |
4 |
1 |
|u https://ebookcentral.proquest.com/lib/tamucs/detail.action?docID=1449975
|y Connect to the full text of this electronic book
|t 0
|
| 948 |
|
|
|a cataloged
|b h
|c 2014/5/1
|d c
|e jlanham
|f 2:59:54 pm
|
| 994 |
|
|
|a C0
|b TXA
|
| 999 |
f |
f |
|s 1e6321c5-4886-3c0f-b87c-95b637e36eec
|i 3dba8ae3-f52b-3e82-9458-9b821cdfba1d
|t 0
|
| 999 |
|
|
|a MARS
|
| 952 |
f |
f |
|a Texas A&M University
|b College Station
|c Electronic Resources
|d Available Online
|t 0
|e QA276.45.R3 D63 2014eb
|h Library of Congress classification
|
| 998 |
f |
f |
|a QA276.45.R3 D63 2014eb
|t 0
|l Available Online
|